| 000 | 04162nam a22004337a 4500 | ||
|---|---|---|---|
| 005 | 20111214143224.0 | ||
| 010 | _aB-468826-843 | ||
| 020 |
_a9788179932391 _c75.00 |
||
| 035 | _aB-468826-843 | ||
| 037 | _aBlue Berry/Ven | ||
| 082 | _a599.222 | ||
| 100 |
_aMukherjee, Vijita _950514 |
||
| 245 |
_aLife cycle of a kangaroo grow with me / _cby Vijita Mukherjee; edited by Anupama Jauhry |
||
| 260 |
_aNew Delhi _bTeri Press _c2011 |
||
| 270 |
_aDarbari Seth Block, IHC Complex, Lodhi Road _bNew Delhi _e110003 |
||
| 300 |
_a16p. _bcol.ill _c23cm(pbk) |
||
| 490 |
_aCircle of life; edited by Arshi Ahmad _950515 |
||
| 700 |
_a Jauhry, Anupama _936910 |
||
| 942 |
_2ddc _cCH _mMUK _h599.222 |
||
| 999 |
_c59446 _d59446 |
||